01742nam a2200397 i 450000100060000000300080000600500170001400600190003100700150005000800410006502000490010602000430015503500220019804000310022004300300025105000240028108200200030510000440032524501090036926401040047830000780058233600310066033700330069133800430072458800830076765000570085065000260090765100580093365100520099165100530104365100590109665100490115565500270120470000500123185600630128184968FINmELB20241217171343.0m o u cr cn|||||||||220328s2020 mx ad fo 000 0 spa d a978-607-564-226-0q(versión electrónica) z978-607-564-202-4q(versión impresa) a(OCoLC)1311929746 aFINmELBbspaerdacFINmELB aa-kr---an-us---aa------ 4aDS923.27bR367 202004a327.51950732231 aRamírez Bonilla, Juan José,eautor.13aLa Republica de Corea :bante la influencia de la administracion Trump /cJuan José Ramírez Bonilla. 1aCiudad de México, México :bEl Colegio de México, Centro de Estudios de Asia y Africa,c2020. a1 recurso en línea (304 páginas) :bilustraciones, tablas, gráficas atextobtxt2rdacontent/spa acomputadorabc2rdamedia/spa arecurso en líneabcr2rdacarrier/spa aDescripción basada en metadatos suministrados por el editor y otras fuentes. 4aCorea del SurxRelaciones exterioreszAsia del Este. 0aDiplomatic relations. 4aCorea del SurxRelaciones exterioreszEstados Unidos. 0aUnited StatesxForeign relationszKorea (South) 0aKorea (South)xForeign relationszUnited States. 4aCorea del SurxRelaciones exterioreszCorea del Norte. 4aCorea del SurxPolítica y gobiernoy2002-. 4aLibros electrónicos.1 aRamírez Bonilla, Juan José,ecoordinador.40uhttps://elibro.net/ereader/politecnicointernacional/194906